000 00370nam a2200145Ia 4500
008 100122s9999 xx 000 0 und d
082 _b7043
_a778.55
100 _aAUTHOR TO ENTER
245 _aHIDDEN SIDE OF SEXUAL SCIENCE
260 _c1955
300 _a50
630 _aHIDDEN SIDE OF SEXUAL SCIENCE
730 _aHIDDEN SIDE OF SEXUAL SCIENCE
942 _cBOOK
999 _c443386
_d443383